000 00627nam a2200217Ia 4500
001 9524
003 GE_BSU
008 181216s||||||||xx |||||||||||||| ||und||
040 _cGE_BSU
080 _a821.353.1–1
100 _aმეგრელი,დუტუ
245 _aჩემი სიტყვა
245 _bახალი ლექსები
260 _aტფილისი
260 _bსახელგამის გა–მა
260 _c1932
300 _a68გვ;15სმ
653 _aახალი ლექსები
653 _aჩემი სიტყვა
942 _cBK
999 _c42818
_d42818